000 00442nam a2200169Ia 4500
001 27110
003 IN-NITTTR
005 20251114233339.0
008 251113s9999||||xx |||||||||||||| ||eng||
040 _beng
040 _cIN-NITTTR
041 _aeng
082 _a658.477 M88C
100 _aMukhopadhyay, Asim Kumar
245 0 _aCrisis and disaster management :
_b turbulence and aftermath /
_cMukhopadhyay, Asim Kumar
942 _2ddc
_cBK
999 _c29738
_d29738